000 00528nam a22002057a 4500
003 OSt
005 20140310183042.0
008 130222t xxu||||| |||| 00| 0 eng d
020 _a9789712724466
050 _aGR 325
_b.F363 2012
082 _aFIL 398.20599
_b.F363 2012
245 _aThe Magic circle
_cFernando, Gilda Cordero
260 _aManila
_bAnvil
_c2012
300 _a61 p.
_c23 cm.
_bill.
521 _acollege students
526 _c1210L-1700L
541 _j1
562 _e1
942 _2lcc
_cBK
_kFIL
999 _c18543
_d18543